00663nam a2200241 a 4500001001300000003000900013005001700022008004100039020001000080082001500090100001500105245003700120260004800157300000800205500003500213505001900248650001400267700001500281902000800296942000700304952009500311999001500406nice12345678IN_TiNIC20260116011835.0050524s1933 laha grp 000 0 urd  ac10000a232.3bLUC aLucas, J J aHaqiqi Shaheedb the True Martyr aLahorebPunjab Religious Booksociety c1933 a31p aincludes index and biblioraphy2 aReserve copies aAtonement1 aLucas, J J bSRS cBK 00104070aHMIbHMId2007-06-18g100.00l0o232.3 LUCp5101r2007-06-18w2026-01-16yARB c4356d4356